Rosja - prawda czy fałsz? - Statystyki

Ogólne statystyki
  • Ten quiz został rozwiązany 4 190 razy
  • Średni wynik to 11 z 15
Statystyki odpowiedzi
Zagadnienie Odpowiedź % Poprawnych
Rosja jest największym państwem na świecie pod względem powierzchni Prawda
98%
Rosja zrezygnowała z broni jądrowej w 1992 roku Fałsz
90%
Babuszka to rosyjskie słowo oznaczające „starą kobietę” lub „babkę” Prawda
88%
Moskwa nigdy nie została zdobyta przez obce mocarstwo Fałsz
87%
Rosja posiada dostęp do Morza Kaspijskiego Prawda
84%
AK-47 został wynaleziony w Rosji Prawda
84%
Petersburg formalnie nazywał się Leningrad Prawda
84%
Agencja wywiadowcza Rosji jest znana jako Mosad Fałsz
83%
W Rosji znajdziemy populację tygrysów wciąż żyjących na wolności Prawda
78%
Józef Stalin zdobył pokojową nagrodę Nobla Fałsz
74%
Niedźwiedzie polarne można znaleźć w Rosji Prawda
71%
Istnieją części Rosji, w których palmy mogą kwitnąć na zewnątrz Prawda
61%
Anastazja, najmłodsza córka cara Mikołaja II Romanowa, zmarła w Coral Gables na Florydzie w 1974 roku Fałsz
53%
Rosja jest wykluczona ze Światowej Organizacji Handlu Fałsz
52%
W Nowosybirsku popularnym sportem widowiskowym są dzieci jeżdżące na husky syberyjskich Fałsz
30%
Nie znaleziono quizów pasujących do podanych kryteriów
Rozkład punktacji
Procent ludzi z każdym wynikiem
Percentyl według liczby udzielonych odpowiedzi
Twoja historia wyników
Nie rozwiązałeś tego quizu